000
00292nam a2200121Ia 4500
008
150201s2004 xx 000 0 und d
082
_a
301
_b
P04K
100
_a
KHAN , M.A.
245
_a
SOCIOLOGY FOR NURSES
260
_b
ACADEMA PUB.
_a
DELHI
_c
2004
650
_a
SOCIOLOGY
942
_2
ddc
_c
BK
_0
7
999
_c
1858
_d
1858